[Event "IND-ch"]
[Site "India"]
[Date "1994.??.??"]
[Round "2"]
[White "Hegde, Ravi Gopal"]
[Black "Wajih, Nassir"]
[Result "1-0"]
[WhiteElo "2380"]
[BlackElo "2340"]
[PlyCount "64"]
[EventDate "1994.??.??"]
[EventType "tourn"]
[EventRounds "19"]
[EventCountry "IND"]
[EventCategory "5"]
[SourceTitle "CBM 041 Extra"]
[Source "ChessBase"]
[SourceDate "1994.09.01"]
[SourceVersion "1"]
[SourceVersionDate "1994.09.01"]
[SourceQuality "1"]

1. d4 Nf6 2. c4 g6 3. Nc3 Bg7 4. e4 d6 5. h3 0-0 6. Bg5 c5 7. d5 b5 8. cxb5 a6 9. bxa6 Bxa6 10. Bxa6 Nxa6 11. Nf3 Qc7 12. 0-0 Rfb8 13. Rb1 Rb4 14. Re1 Qb7 15. Qc2 Nc7 16. Nd2 h6 17. Be3 Qa6 18. b3 Nd7 19. Nc4 Nb6 20. Nxb6 Qxb6 21. Bd2 Qa6 22. Na4 Rb7 23. Bc3 Nb5 24. Bxg7 Kxg7 25. e5 Nd4 26. Qd1 Rb4 27. Nc3 dxe5 28. Rxe5 Qd6 29. Re1 Ra7 30. Rc1 Rc7 31. Qd3 Rb8 32. Re4 Rbc8 1-0

[Event "IND-ch"]
[Site "India"]
[Date "1994.??.??"]
[Round "18"]
[White "Koshy, Varugeese"]
[Black "Wajih, Nassir"]
[Result "1/2-1/2"]
[WhiteElo "2415"]
[BlackElo "2340"]
[PlyCount "123"]
[EventDate "1994.??.??"]
[EventType "tourn"]
[EventRounds "19"]
[EventCountry "IND"]
[EventCategory "5"]
[SourceTitle "CBM 041 Extra"]
[Source "ChessBase"]
[SourceDate "1994.09.01"]
[SourceVersion "1"]
[SourceVersionDate "1994.09.01"]
[SourceQuality "1"]

1. c4 Nf6 2. g3 g6 3. Bg2 Bg7 4. e4 d6 5. Ne2 0-0 6. 0-0 c5 7. Nbc3 Nc6 8. d3 Nd4 9. Rb1 Nd7 10. a3 Ne5 11. f4 Nec6 12. h3 e6 13. b4 Rb8 14. Kh2 Bd7 15. bxc5 dxc5 16. e5 b6 17. Ne4 Nxe2 18. Qxe2 Nd4 19. Qg4 Ba4 20. Rb2 Bc2 21. Nf2 h5 22. Qh4 Qxh4 23. gxh4 Rfd8 24. Be4 Ba4 25. Be3 Bf8 26. Nd1 Be7 27. Nc3 Bc6 28. Bxd4 Bxe4 29. Nxe4 Rxd4 30. Rb3 Rbd8 31. Rf3 Bxh4 32. Kg2 Kg7 33. Kf1 f5 34. exf6+ Bxf6 35. Ke2 Bh4 36. a4 Rf8 37. a5 Bd8 38. Rf2 Rf5 39. Rb1 e5 40. fxe5 Rxe5 41. Rg2 bxa5 42. Rb7+ Re7 43. Rxe7+ Bxe7 44. Rg1 Rd7 45. Ra1 g5 46. Rxa5 Kg6 47. Nxc5 Bxc5 48. Rxc5 Re7+ 49. Kd2 Kf6 50. Ra5 g4 51. hxg4 hxg4 52. c5 g3 53. c6 g2 54. Ra1 Rg7 55. Rg1 Ke6 56. d4 Kd6 57. d5 Rg8 58. Kd3 Rg4 59. Kc3 a5 60. Kb3 Kc7 61. Ka2 Rg3 62. Kb2 1/2-1/2

[Event "IND-ch"]
[Site "India"]
[Date "1994.??.??"]
[Round "4"]
[White "Muralidharan, MB."]
[Black "Wajih, Nassir"]
[Result "1-0"]
[WhiteElo "2420"]
[BlackElo "2340"]
[PlyCount "39"]
[EventDate "1994.??.??"]
[EventType "tourn"]
[EventRounds "19"]
[EventCountry "IND"]
[EventCategory "5"]
[SourceTitle "CBM 041 Extra"]
[Source "ChessBase"]
[SourceDate "1994.09.01"]
[SourceVersion "1"]
[SourceVersionDate "1994.09.01"]
[SourceQuality "1"]

1. e4 c5 2. Nc3 e6 3. Nf3 d5 4. d4 Nf6 5. exd5 exd5 6. Bb5+ Nc6 7. Ne5 Qb6 8. Qe2 Be6 9. Na4 Qc7 10. Bf4 Qa5+ 11. Bd2 Qc7 12. Nxc5 Bxc5 13. dxc5 0-0 14. Bxc6 bxc6 15. 0-0 Rfe8 16. Bf4 Bf5 17. Rfe1 Re6 18. Qd2 Ne4 19. Qd4 g5 20. Ng6 1-0

[Event "IND-ch"]
[Site "India"]
[Date "1994.??.??"]
[Round "6"]
[White "Prasad, Devaki V"]
[Black "Wajih, Nassir"]
[Result "1-0"]
[WhiteElo "2445"]
[BlackElo "2340"]
[PlyCount "51"]
[EventDate "1994.??.??"]
[EventType "tourn"]
[EventRounds "19"]
[EventCountry "IND"]
[EventCategory "5"]
[SourceTitle "CBM 041 Extra"]
[Source "ChessBase"]
[SourceDate "1994.09.01"]
[SourceVersion "1"]
[SourceVersionDate "1994.09.01"]
[SourceQuality "1"]

1. e4 c5 2. Nf3 Nc6 3. Nc3 Nf6 4. Bb5 Nd4 5. e5 Nxb5 6. Nxb5 Ng4 7. h3 Nh6 8. 0-0 g6 9. d4 cxd4 10. Bg5 Nf5 11. Nfxd4 Qb6 12. Re1 Nxd4 13. Nxd4 Bg7 14. Qd3 h6 15. Bh4 d6 16. Bf6 Kf8 17. Bxg7+ Kxg7 18. exd6 Qxd6 19. Qc3 Kh7 20. Nb5 Qd8 21. Rad1 Qf8 22. Nc7 Rb8 23. Qc5 Qg7 24. Rxe7 Rf8 25. Ne8 Qh8 26. Qd6 1-0